000 00663nam a22002297a 4500
003 UA-OsUOA
001 48255
007 ta
008 20070903b un ||||| |||| 00| 0 ukr d
100 _aЧерная Н.И.
090 _a82,09
_bЧ-49
942 _cBK
040 _aUA-OsUOA
_brus
_cUA-OsUOA
_dUA-OsUOA
245 _aРеалистическая условность в современной советской прозе
300 _a190 с.
955 _a2
041 _arus
080 _a82,09
260 _aК.
_bНаукова думка
_c1979
650 7 _a82 Література. Літературознавство
_2UDC
999 _c334340
_d334340